000 00489nam a2200181 a 4500
005 20260322212023.0
008 data
020 _a9781680210132
092 _a332 Sim 2015
100 1 _aSimms, Susan Rose
245 1 0 _aPlanning to save/
_cSusan Rose Simms.
246 S _aSomething big
260 _a[Costa Mesa, California] :
_bSaddleback Educational Publishing,
300 _a31 pages : color illustrations ;
_b20 cm.
490 _aMoney Skills
650 0 _aFinance, Personal
001 data
999 _c521
_d521